000 00324nam a2200121Ia 4500
008 220204s9999 xx 000 0 und d
020 _a8187374233
082 _a339.52:63(540)
_bBAG;4
100 _aBagchi, Jayanta
245 0 _aAgriculture and WTO opportunity for India
260 _aNew Delhi
_bSamskriti;2003
942 _cBK
999 _c42180
_d42180